Hacia la sociología del conocimiento (Record no. 5901)

MARC details
000 -LEADER
campo de control de longitud fija 00731nam a2200217 i 4500
001 - NÚMERO DE CONTROL
campo de control 5901
003 - IDENTIFICADOR DE NÚMERO DE CONTROL
campo de control ES-MaACL
005 - FECHA Y HORA DE LA ÚLTIMA TRANSACCIÓN
campo de control 20230906144727.0
008 - DATOS DE LONGITUD FIJA--INFORMACIÓN GENERAL
campo de control de longitud fija 890614s1982 mx ||||1| spa d
020 ## - NÚMERO INTERNACIONAL ESTÁNDAR DEL LIBRO
Número Internacional Estándar del Libro 968-16-1043-1
080 ## - NÚMERO DE LA CLASIFICACIÓN DECIMAL UNIVERSAL
Número de la Clasificación Decimal Universal 165:301.01
080 ## - NÚMERO DE LA CLASIFICACIÓN DECIMAL UNIVERSAL
Número de la Clasificación Decimal Universal 301.01:165
245 00 - MENCIÓN DEL TÍTULO
Título Hacia la sociología del conocimiento
Resto del título : origen y desarrollo de un estilo del pensamiento sociológico /
Mención de responsabilidad, etc. [Franz Adler ... (et al.)] ; compilador Gunter W. Remmling.
250 ## - MENCION DE EDICION
Mención de edición 1ª ed.
260 ## - PUBLICACIÓN, DISTRIBUCIÓN, ETC.
Lugar de publicación, distribución, etc. México :
Nombre del editor, distribuidor, etc. Fondo de Cultura Económica,
Fecha de publicación, distribución, etc. 1982.
300 ## - DESCRIPCIÓN FÍSICA
Extensión 583 p. ;
Dimensiones 21 cm.
650 #4 - PUNTO DE ACCESO ADICIONAL DE MATERIA--TÉRMINO DE MATERIA
Término de materia o nombre geográfico como elemento de entrada Sociología del conocimiento.
9 (RLIN) 17211
700 1# - ENTRADA AGREGADA--NOMBRE PERSONAL
Nombre de persona Adler, Franz.
9 (RLIN) 18445
700 1# - ENTRADA AGREGADA--NOMBRE PERSONAL
Nombre de persona Remmling, Gunter W.
9 (RLIN) 96138
852 ## - LOCALIZACIÓN
Ubicación ES-MaACL
Número de control de estantería L-13055
Holdings
Estatus retirado Estado de pérdida Estado de daño No para préstamo Biblioteca de origen Biblioteca actual Ubicación en estantería Fecha de adquisición Fuente de adquisición Total de préstamos Signatura topográfica completa Código de barras Visto por última vez Precio de reemplazo Tipo de ítem Koha
        Biblioteca del Ateneo de Madrid Biblioteca del Ateneo de Madrid Depósito 2 17/01/2008     L-13055 1005996 23/02/2023 23/02/2023 Libro impreso